New things happen (Record no. 106164)
[ view plain ]
| 000 -LEADER | |
|---|---|
| fixed length control field | 01122cam a2200217 4500 |
| 001 - CONTROL NUMBER | |
| control field | ##L135702 |
| 008 - FIXED-LENGTH DATA ELEMENTS--GENERAL INFORMATION | |
| fixed length control field | 061127n2006 000 0 eng u |
| 035 ## - SYSTEM CONTROL NUMBER | |
| System control number | (Sirsi) u135702 |
| 041 0# - LANGUAGE CODE | |
| Language code of text/sound track or separate title | eng |
| 050 04 - LIBRARY OF CONGRESS CALL NUMBER | |
| Classification number | 711.52 $2 18 |
| 110 2# - MAIN ENTRY--CORPORATE NAME | |
| Corporate name or jurisdiction name as entry element | Commission for Architecture and the Built Environment |
| 9 (RLIN) | 4058 |
| 245 00 - TITLE STATEMENT | |
| Title | New things happen |
| Remainder of title | a guide to the future Thames Gateway |
| Medium | [electronic resource] |
| 260 ## - PUBLICATION, DISTRIBUTION, ETC. | |
| Place of publication, distribution, etc. | London |
| Name of publisher, distributor, etc. | CABE |
| Date of publication, distribution, etc. | 2006 |
| 520 ## - SUMMARY, ETC. | |
| Summary, etc. | Presents a vision for the future Thames Gateway, describing its character and identity. Highlights key ideas which should form the basis of planning policies, investment strategies, design decisions and environmental projects for individual places across the region. An accompanying map shows how the Gateway's places, parklands and connections are set to develop. |
| 590 ## - LOCAL NOTE (RLIN) | |
| Local note | KA |
| 651 #4 - SUBJECT ADDED ENTRY--GEOGRAPHIC NAME | |
| Geographic name | THAMES GATEWAY |
| 651 #4 - SUBJECT ADDED ENTRY--GEOGRAPHIC NAME | |
| Geographic name | LONDON |
| 690 ## - LOCAL SUBJECT ADDED ENTRY--TOPICAL TERM (OCLC, RLIN) | |
| Topical term or geographic name as entry element | PROPERTY-PROPERTY MANAGEMENT-REGENERATION |
| 856 40 - ELECTRONIC LOCATION AND ACCESS | |
| Uniform Resource Identifier | <a href="https://www.gtlon.co.uk/pdfs/New%20Things%20Happen%20A%20Guide%20to%20the%20Future%20Thames%20Gateway.pdf">https://www.gtlon.co.uk/pdfs/New%20Things%20Happen%20A%20Guide%20to%20the%20Future%20Thames%20Gateway.pdf</a> |
| Public note | View the report free of charge at www.gtlon.co.uk |
| 942 ## - ADDED ENTRY ELEMENTS (KOHA) | |
| Suppress in OPAC | 0 |
| Withdrawn status | Lost status | Source of classification or shelving scheme | Damaged status | Not for loan | Home library | Current library | Shelving location | Date acquired | Total Checkouts | Full call number | Barcode | Date last seen | Copy number | Price effective from | Koha item type |
|---|---|---|---|---|---|---|---|---|---|---|---|---|---|---|---|
| Dewey Decimal Classification | Virtual | Virtual | Online | 27/11/2006 | ONLINE PUBLICATION | 135702-2001 | 06/08/2019 | 1 | 06/08/2019 | Book |